POLSKIE BROWARY REGIONALNE - Statystyki

Ogólne statystyki
  • Ten quiz został rozwiązany 55 razy
    19 od ostatniego zresetowania
  • Średni wynik to 5 z 8
Statystyki odpowiedzi
Odpowiedź % Poprawnych
TYSKIE
86%
WARKA
86%
ŻUBR
86%
ŻYWIEC
86%
LECH
57%
PERŁA
57%
EB
43%
BRANIEWO
14%
Nie znaleziono quizów pasujących do podanych kryteriów
Rozkład punktacji
Procent ludzi z każdym wynikiem
Percentyl według liczby udzielonych odpowiedzi
Twoja historia wyników
Nie rozwiązałeś tego quizu od ostatniego zresetowania